[Event "Belgrade"]
[Site "Belgrade"]
[Date "1987.??.??"]
[Round "?"]
[White "Salov, Valery"]
[Black "Nikolic, Predrag"]
[Result "1/2-1/2"]
[WhiteElo "2575"]
[BlackElo "2620"]

1.d4 Nf6 2.Nf3 e6 3.Bg5 h6 4.Bxf6 Qxf6 5.Nbd2 d6 6.c3 Nd7 7.g3 g5 8.Bg2 g4
9.Nh4 h5 10.O-O Be7 11.e4 Qh6 12.f4 Nf8 13.e5 d5 14.c4 c6 15.Qe2 Bd7 16.Rac1 Bxh4
17.gxh4 Ng6 18.Qf2 Ne7 19.Rc3 O-O 20.Re1 Kh8 21.Nf1 dxc4 22.Rxc4 f6 23.exf6 Rxf6
24.Ng3 Ng6 25.Rc5 Nxf4 26.Qe3 Raf8 27.Rg5 Be8 28.Bf1 Rg6 29.Re5 Rg7 30.Bc4 Nh3+
31.Kh1 Qxe3 32.R1xe3 Nf4 33.Bxe6 Nxe6 34.Rxe6 Bf7 35.Rh6+ Rh7 36.Rxh7+ Kxh7
37.Re7 Kg6 38.Rxb7 Bxa2 39.Rxa7 Bd5+ 40.Kg1 Rb8 41.Re7 Bf3 42.Re5 Rxb2 43.Rg5+ Kf7
44.Rxh5 Rg2+ 45.Kf1 Rxh2 46.Rf5+ Ke6 47.Re5+ Kf6 48.Rf5+ Ke6  1/2-1/2

[Event "Belgrade"]
[Site "Belgrade"]
[Date "1987.??.??"]
[Round "?"]
[White "Ivanovic, Bozidar"]
[Black "Nikolic, Predrag"]
[Result "1/2-1/2"]
[WhiteElo "2535"]
[BlackElo "2620"]

1.e4 e5 2.Nf3 Nc6 3.Bb5 a6 4.Ba4 Nf6 5.O-O Be7 6.Re1 b5 7.Bb3 O-O 8.a4 Bb7
9.d3 Re8 10.Bg5 h6 11.Bxf6 Bxf6 12.Bd5 Qb8 13.Nc3 Ne7 14.Bxb7  1/2-1/2

[Event "Belgrade"]
[Site "Belgrade"]
[Date "1987.??.??"]
[Round "?"]
[White "Beliavsky, Alexander G"]
[Black "Nikolic, Predrag"]
[Result "1-0"]
[WhiteElo "2630"]
[BlackElo "2620"]

1.d4 Nf6 2.c4 e6 3.Nf3 Bb4+ 4.Bd2 Bxd2+ 5.Qxd2 O-O 6.Nc3 d5 7.e3 Qe7 8.cxd5 exd5
9.Bd3 c6 10.Qc2 Re8 11.Ne5 Nbd7 12.Nxd7 Bxd7 13.O-O Qd6 14.h3 Re7 15.b4 Rae8
16.b5 c5 17.dxc5 Qxc5 18.Rfd1 Re5 19.Rac1 Qb4 20.Bf1 Rg5 21.Rd4 Qa3 22.Nb1 Qe7
23.Kh1 Bf5 24.Qb2 Bxb1 25.Qxb1 Ne4 26.Rc2 Rf5 27.Qe1 h5 28.Kg1 Qe6 29.Bd3 Rg5
30.h4 Re5 31.Qd1 Nf6 32.Be2 g6 33.a4 Rc8 34.Bf3 Rxc2 35.Qxc2 Kh7 36.g3 Qd6
37.Kg2 a6 38.bxa6 bxa6 39.a5 Qa3 40.Qc7 Re7 41.Qb6 Re6 42.Qb7 Kg7 43.Bxd5 Nxd5
44.Qxd5 Rf6 45.Rf4 Rxf4 46.gxf4 Qc1 47.f5 Qc7 48.Qd4+ f6 49.Qd5 gxf5 50.Qxf5 Qb7+
51.e4 Qf7 52.Qc8 Qg6+ 53.Kf3 Qg1 54.Qc7+ Kf8 55.Qd6+ Kf7 56.Qc7+ Kf8 57.Qf4 Kf7
58.Ke2 Qb1 59.Qf5 Kg7 60.Qd7+ Kg6 61.Qd5 Kg7 62.Qf5 Qc2+ 63.Kf1 Qd1+ 64.Kg2 Qe2
65.Qf3 Qb5 66.e5 Qxe5 67.Qg3+ Kf7 68.Qxe5 fxe5 69.Kf3 Ke7 70.Ke4 Ke6 71.f3 Kf6
72.f4 exf4 73.Kxf4  1-0

[Event "Leningrad"]
[Site "Leningrad"]
[Date "1987.??.??"]
[Round "?"]
[White "Gurevich, Mikhail"]
[Black "Nikolic, Predrag"]
[Result "1/2-1/2"]
[WhiteElo "2540"]
[BlackElo "2600"]

1.d4 Nf6 2.c4 e6 3.Nf3 Bb4+ 4.Nbd2 O-O 5.a3 Be7 6.e3 c5 7.dxc5 a5 8.b3 Na6
9.Bb2 Nxc5 10.Qc2 b6 11.Ng5 g6 12.Be2 Bb7 13.O-O Rc8 14.b4 Na6 15.b5 Nc5
16.Rad1 Qc7 17.Ngf3 Nfe4 18.Ba1 f5 19.Be5 d6 20.Ba1 e5 21.Nxe4 Bxe4 22.Qa2 Rf7
23.Nd2 Bd3 24.Bxd3 Nxd3 25.Qb1 Nc5 26.Rfe1 e4 27.f3 exf3 28.Nxf3 Re8 29.Qb2 Bf6
30.Qa2 Qe7 31.Bd4 Ne4 32.Qb3 Bxd4 33.Rxd4 Qf6 34.Qc2 Rfe7 35.Red1 Re6 36.Nd2 Nc5  1/2-1/2

[Event "Leningrad"]
[Site "Leningrad"]
[Date "1987.??.??"]
[Round "?"]
[White "Nikolic, Predrag"]
[Black "Andersson, Ulf"]
[Result "0-1"]
[WhiteElo "2600"]
[BlackElo "2600"]

1.d4 Nf6 2.c4 e6 3.Nf3 d5 4.Nc3 Nbd7 5.Bg5 h6 6.Bh4 Be7 7.e3 Ne4 8.Bxe7 Qxe7
9.cxd5 Nxc3 10.bxc3 exd5 11.Qb3 Nf6 12.c4 c6 13.Bd3 Be6 14.O-O Rc8 15.Rab1 Rc7
16.cxd5 Bxd5 17.Qa4 O-O 18.Ne5 b6 19.Rfe1 c5 20.e4 Ba8 21.Qb3 Kh8 22.Nf3 cxd4
23.Nxd4 Rd8 24.Nf5 Qe5 25.f3 g6 26.Ng3 Rc3 27.Qxf7 Rcxd3 28.Qxg6 Qc5+ 29.Kh1 Qg5
30.Qf7 R3d7 31.Qc4 Rd2 32.Rg1 Nh5 33.Nxh5 Qxh5 34.a4 Qg5 35.h3 Qg7 36.Rb5 R2d6
37.Rf5 Rc6 38.Qa2 Rf6 39.Re5 Bc6  0-1

[Event "Leningrad"]
[Site "Leningrad"]
[Date "1987.??.??"]
[Round "?"]
[White "Nikolic, Predrag"]
[Black "Georgiev, Kiril"]
[Result "1/2-1/2"]
[WhiteElo "2600"]
[BlackElo "2590"]

1.d4 Nf6 2.c4 e6 3.Nf3 d5 4.Nc3 Be7 5.Bg5 h6 6.Bh4 O-O 7.e3 b6 8.Rc1 Bb7
9.Bxf6 Bxf6 10.cxd5 exd5 11.b4 c6 12.Bd3 Nd7 13.O-O Re8 14.Qb3 Nf8 15.Rfd1 Ne6
16.a4 Rb8 17.Qa2 Qd6 18.Rb1 a5 19.bxa5 bxa5 20.Rb3 Ba8 21.Rdb1 Rb4 22.Qc2  1/2-1/2

[Event "Leningrad"]
[Site "Leningrad"]
[Date "1987.??.??"]
[Round "?"]
[White "Nikolic, Predrag"]
[Black "Nogueiras, Jesus"]
[Result "1-0"]
[WhiteElo "2600"]
[BlackElo "2565"]

1.d4 e6 2.c4 Bb4+ 3.Bd2 Bxd2+ 4.Qxd2 f5 5.g3 Nf6 6.Bg2 O-O 7.Nf3 d6 8.O-O Nc6
9.d5 Ne7 10.dxe6 Bxe6 11.Ng5 Bxc4 12.Qc2 Bf7 13.Bxb7 Rb8 14.Bg2 Qd7 15.Nxf7 Rxf7
16.Nd2 d5 17.Rac1 c6 18.Nf3 Rff8 19.Ne5 Qd6 20.Nd3 Rfc8 21.Qc5 Qd7 22.Rc2 Ne4
23.Qa3 Rb6 24.Rfc1 Rc7 25.Qa4 Qe6 26.Qd4 Ng6 27.b4 Rb8 28.Nc5 Nxc5 29.Rxc5 Qxe2
30.Rxd5 Rf7 31.Rdc5 Qxa2 32.Bxc6 Ne7 33.Bb5  1-0

[Event "Leningrad"]
[Site "Leningrad"]
[Date "1987.??.??"]
[Round "?"]
[White "Nikolic, Predrag"]
[Black "Salov, Valery"]
[Result "1/2-1/2"]
[WhiteElo "2600"]
[BlackElo "2550"]

1.d4 f5 2.g3 Nf6 3.Bg2 e6 4.Nf3 d5 5.O-O Bd6 6.c4 c6 7.Bf4 Bxf4 8.gxf4 O-O
9.Nbd2 Bd7 10.Qb3 Qb6 11.e3 Be8 12.Qxb6 axb6 13.Ne5 Bh5 14.Bf3 Bxf3 15.Ndxf3 Na6
16.a3 Nc7 17.Rfd1 Rfd8 18.Rac1 Kf8 19.Kf1 dxc4 20.Rxc4 Ncd5 21.Rc2 Ke7 22.Ke2 Rg8
23.Rg1 g6 24.Rcc1 Rg7 25.h4 Rag8 26.Nd3 Kd6 27.Nfe5 Rc7 28.Nc4+ Ke7 29.Nd2 Rgc8
30.Nb3 Kd6 31.Rc4 Ra8 32.f3 Rg7 33.Nd2 Nh5 34.Rcc1 Rag8 35.Rg2 Ke7 36.Kf2 Rd8
37.Nc4 b5 38.Nce5 Kd6 39.Rgg1 Rc7 40.Rc2 Rdc8 41.Rgc1 Nhf6 42.Nc5  1/2-1/2

[Event "Leningrad"]
[Site "Leningrad"]
[Date "1987.??.??"]
[Round "?"]
[White "Nikolic, Predrag"]
[Black "Sokolov, Andrei"]
[Result "1/2-1/2"]
[WhiteElo "2600"]
[BlackElo "2645"]

1.d4 Nf6 2.c4 e6 3.Nf3 b6 4.g3 Ba6 5.Qa4 Bb7 6.Bg2 c5 7.O-O cxd4 8.Nxd4 Bxg2
9.Kxg2 Qc7 10.f3 Qb7 11.Nc3 Nc6 12.Nxc6 Qxc6 13.Bf4 Qxa4 14.Nxa4 d5 15.cxd5 Nxd5
16.Bd2 O-O-O 17.Rfd1  1/2-1/2

[Event "Leningrad"]
[Site "Leningrad"]
[Date "1987.??.??"]
[Round "?"]
[White "Romanishin, Oleg M"]
[Black "Nikolic, Predrag"]
[Result "0-1"]
[WhiteElo "2570"]
[BlackElo "2600"]

1.e4 e6 2.d4 d5 3.e5 c5 4.c3 Nc6 5.Nf3 Bd7 6.Be2 Nge7 7.O-O Ng6 8.Be3 Be7
9.g3 cxd4 10.cxd4 f6 11.exf6 Bxf6 12.Nc3 O-O 13.Qd2 Nge7 14.Bd3 h6 15.Rad1 Be8
16.Rfe1 Bh5 17.Be2 Nf5 18.Ne5 Bxe5 19.Bxh5 Nfxd4 20.f4 Bf6 21.Qf2 Nf5 22.Bc5 Bxc3
23.bxc3 Rf6 24.Bf3 Qa5 25.Rxe6 Rxe6 26.Bxd5 Re8 27.g4 Kh8 28.Bxe6 Rxe6 29.gxf5 Rf6
30.c4 b6 31.Bd4 Nxd4 32.Rxd4 Qxf5 33.Qf3 Qb1+ 34.Rd1 Qxa2 35.Qe4 Qa3 36.Rd8+ Rf8
37.Rxf8+ Qxf8 38.Qb7 Qc5+ 39.Kg2 Qxc4 40.Qxa7 b5 41.Qd7 b4 42.Kg3 b3 43.f5 Qc3+
44.Kg4 Qe3 45.Qb5 Kh7 46.f6 Qe4+ 47.Kg3 Qg6+ 48.Kh3 h5  0-1

[Event "Leningrad"]
[Site "Leningrad"]
[Date "1987.??.??"]
[Round "?"]
[White "Torre, Eugenio"]
[Black "Nikolic, Predrag"]
[Result "1/2-1/2"]
[WhiteElo "2540"]
[BlackElo "2600"]

1.Nf3 d5 2.d4 Nf6 3.c4 e6 4.Nc3 Nbd7 5.Bg5 h6 6.cxd5 hxg5 7.dxe6 fxe6 8.Nxg5 Bd6
9.e4 Nf8 10.g3 Be7 11.e5 Nd5 12.Nge4 c5 13.Bg2 cxd4 14.Qxd4 Nb4 15.Qxd8+ Kxd8
16.O-O-O+ Bd7 17.a3 Nc6 18.f4 a6 19.h4 Kc7 20.Nd6 Nd8 21.Rd2 Bxd6 22.Rxd6 Nf7
23.Rd3 Rd8 24.Rhd1 Be8 25.Bf3 Rxd3 26.Rxd3 Ng6 27.Ne4 Bc6 28.Nc5 Ngxe5 29.Nxe6+ Kb8
30.fxe5 Nxe5 31.Be2 Nxd3+ 32.Bxd3 Re8 33.Nxg7 Re3 34.Bg6 Rxg3 35.h5 Bd7 36.Kd2 Kc8
37.Nf5 Rg5 38.Nd6+ Kc7 39.Nf7 Rg3 40.Ne5 Kd6 41.Nxd7  1/2-1/2

[Event "Leningrad"]
[Site "Leningrad"]
[Date "1987.??.??"]
[Round "?"]
[White "Vaganian, Rafael A"]
[Black "Nikolic, Predrag"]
[Result "1/2-1/2"]
[WhiteElo "2590"]
[BlackElo "2600"]

1.Nf3 Nf6 2.g3 d5 3.Bg2 c6 4.O-O Bf5 5.d3 Nbd7 6.Nbd2 e5 7.Qe1 Bc5 8.e4 dxe4
9.dxe4 Bg6 10.Nc4 Qe7 11.Nh4 O-O 12.a4 Qe6 13.b3 Rfd8 14.Bb2 b5 15.Na5 Bb6
16.Nf5 bxa4 17.bxa4  1/2-1/2

[Event "Lugano op"]
[Site "Lugano"]
[Date "1987.??.??"]
[Round "?"]
[White "Lenz, Thomas"]
[Black "Nikolic, Predrag"]
[Result "0-1"]
[WhiteElo "2290"]
[BlackElo "2600"]

1.c4 e5 2.Nc3 Nc6 3.g3 g6 4.Bg2 Bg7 5.Rb1 a5 6.a3 f5 7.d3 Nf6 8.Nf3 O-O 9.O-O d6
10.b4 axb4 11.axb4 Nh5 12.Bg5 Qd7 13.Nd5 h6 14.Bd2 g5 15.Bc3 Qf7 16.Nd2 f4
17.e3 Nf6 18.b5 Nd8 19.d4 Nxd5 20.Bxd5 Be6 21.dxe5 Bxd5 22.cxd5 Qxd5 23.Qf3 Qxf3
24.Nxf3 fxg3 25.fxg3 Re8 26.Ra1 Rxa1 27.Rxa1 g4 28.exd6 Bxc3 29.dxc7 Nf7
30.Rc1 Nd6 31.Rxc3 gxf3 32.b6 Nc8 33.Kf2 Kf7 34.Kxf3 Re6 35.Rd3 Rd6 36.Rxd6 Nxd6
37.Kf4 Nc8 38.g4 Nxb6 39.h4 Nd5+ 40.Kf5 Nxc7 41.Ke5 Ne6 42.Kd5 Nf8 43.Kd6 Ng6
44.h5 Nf8  0-1

[Event "Lugano op"]
[Site "Lugano"]
[Date "1987.??.??"]
[Round "?"]
[White "Nikolic, Predrag"]
[Black "Wedberg, Tom"]
[Result "1-0"]
[WhiteElo "2600"]
[BlackElo "2480"]

1.d4 Nf6 2.c4 e6 3.Nf3 d5 4.Nc3 Be7 5.Bg5 h6 6.Bxf6 Bxf6 7.Qd2 dxc4 8.e4 c5
9.d5 exd5 10.e5 Bg5 11.Qxd5 Be6 12.Qxb7 Nd7 13.Qe4 Nb6 14.Rd1 Qc8 15.Nxg5 hxg5
16.Be2 g4 17.O-O O-O 18.Rd6 Rb8 19.Rfd1 Re8 20.Qf4 Nd7 21.Bxc4 Nxe5 22.Ba6 Qc7
23.Qxe5 Bb3 24.Qf5 Bxd1 25.Rxd1 Rbd8 26.Qxg4 Rxd1+ 27.Qxd1 Rd8 28.Qe2 Qf4
29.g3 Qd4 30.Bc4 Kf8 31.a4 a5 32.h3 Rd7 33.Kg2 Rd8 34.Nb5 Qf6 35.b3 Qc6+
36.Qf3 Qxf3+ 37.Kxf3 f6 38.Nc7  1-0

[Event "Lugano op"]
[Site "Lugano"]
[Date "1987.??.??"]
[Round "?"]
[White "Sax, Gyula"]
[Black "Nikolic, Predrag"]
[Result "1-0"]
[WhiteElo "2570"]
[BlackElo "2600"]

1.e4 e5 2.Nf3 Nc6 3.Bb5 a6 4.Ba4 Nf6 5.O-O Be7 6.Re1 b5 7.Bb3 O-O 8.c3 d6
9.h3 Re8 10.d4 Bb7 11.a4 h6 12.Nbd2 Bf8 13.Bc2 exd4 14.cxd4 Nb4 15.Bb1 c5
16.d5 Nd7 17.Ra3 c4 18.Nd4 Qb6 19.Nf5 Ne5 20.Rg3 Kh7 21.Nf3 Bc8 22.Nxg7 Bxg7
23.Qd2 Nbd3 24.Bxd3 Nxd3 25.Rxg7+ Kxg7 26.Qxh6+ Kg8 27.Be3 Qc7 28.Bd4 f6
29.Qxf6 Re7 30.Qh8+  1-0

[Event "Reggio Emilia8788"]
[Site "Reggio Emilia"]
[Date "1987.??.??"]
[Round "?"]
[White "Pinter, Jozsef"]
[Black "Nikolic, Predrag"]
[Result "1/2-1/2"]
[WhiteElo "2575"]
[BlackElo "2620"]

1.d4 Nf6 2.c4 e6 3.Nf3 Bb4+ 4.Bd2 c5 5.Bxb4 cxb4 6.g3 O-O 7.Bg2 d6 8.O-O a5
9.Qd3 Nbd7 10.Nbd2 e5 11.Rfe1 Re8 12.Ng5 Ra6 13.Rad1 h6 14.Nge4 Nxe4 15.Bxe4 Nf6
16.Bg2 Qe7 17.e4 Bd7 18.c5 dxc5 19.dxe5 Nh7 20.f4 Nf8 21.Nf1 Be6 22.Ne3 Bxa2
23.Qb5 a4 24.Nf5 Qe6 25.Nd6 Rd8 26.Qxc5 Qb3 27.Bf1 Rc6 28.Qf2 Rc2 29.Rd2 Rxd2
30.Qxd2 a3 31.bxa3 Qxa3 32.Re2 Ra8 33.f5 Qa5 34.Qd4 Nd7 35.Nb5 Qb6 36.Rb2 Qxd4+
37.Nxd4 Nxe5  1/2-1/2

[Event "Reggio Emilia8788"]
[Site "Reggio Emilia"]
[Date "1987.??.??"]
[Round "?"]
[White "Nikolic, Predrag"]
[Black "Beliavsky, Alexander G"]
[Result "1/2-1/2"]
[WhiteElo "2620"]
[BlackElo "2630"]

1.d4 f5 2.g3 g6 3.Bg2 Bg7 4.c3 Nf6 5.Bg5 Ne4 6.Bf4 d6 7.Nd2 Nxd2 8.Qxd2 h6
9.e4 e5 10.dxe5 dxe5 11.Qxd8+ Kxd8 12.Be3 c6 13.Nf3 fxe4 14.Nd2 Be6 15.Nxe4 Nd7
16.O-O-O Kc8 17.b3 Nf6 18.Bc5 Nxe4 19.Bxe4 Bf8 20.Bxf8 Rxf8 21.Rd2  1/2-1/2

[Event "Reggio Emilia8788"]
[Site "Reggio Emilia"]
[Date "1987.??.??"]
[Round "?"]
[White "Ribli, Zoltan"]
[Black "Nikolic, Predrag"]
[Result "1/2-1/2"]
[WhiteElo "2595"]
[BlackElo "2620"]

1.d4 Nf6 2.c4 e6 3.Nf3 b6 4.g3 Ba6 5.b3 Bb7 6.Bg2 Bb4+ 7.Bd2 a5 8.O-O O-O
9.Nc3 Ne4 10.Nxe4 Bxe4 11.a3 Bxd2 12.Qxd2 d6 13.Ne1 Bxg2 14.Nxg2  1/2-1/2

[Event "Reggio Emilia8788"]
[Site "Reggio Emilia"]
[Date "1987.??.??"]
[Round "?"]
[White "Nikolic, Predrag"]
[Black "Kortschnoj, Viktor"]
[Result "1/2-1/2"]
[WhiteElo "2620"]
[BlackElo "2630"]

1.d4 Nf6 2.c4 e6 3.Nf3 d5 4.Nc3 Be7 5.Bg5 h6 6.Bxf6 Bxf6 7.e3 O-O 8.Rc1 c6
9.Bd3 Nd7 10.O-O dxc4 11.Bxc4 e5 12.h3 exd4 13.exd4 c5 14.Nd5 cxd4 15.Bb3 b6
16.Nxf6+ Nxf6 17.Nxd4 Bd7 18.Qf3 Rc8 19.Qf4 a5 20.Nf3 b5 21.Rxc8 Bxc8 22.Rd1 Qb6
23.Rd6 Qc5 24.Qd4 Qc1+ 25.Kh2 a4 26.Bd1 Re8 27.Ne5 Bb7 28.Be2 Ne4 29.Rd8 Rxd8
30.Qxd8+ Kh7 31.Qd4 Qf4+ 32.g3 Qxf2+ 33.Qxf2 Nxf2 34.Bxb5 Bd5 35.Bxa4 Bxa2
36.Bc2+ f5 37.Bxf5+ Kg8 38.b4 Bd5 39.Bc2 Kf8 40.Ng6+ Ke8 41.Nf4 Bb7 42.Ne6 g5
43.g4 Ne4 44.Bxe4 Bxe4 45.Kg3 Ke7 46.Nd4 Kf6 47.b5 Ke5 48.Ne2 Kd6 49.Nc3 Bd3
50.Kf3 Kc5 51.Ne4+ Kxb5 52.Nd6+ Kc5 53.Nf7 Kd5 54.Nxh6  1/2-1/2

[Event "Reggio Emilia8788"]
[Site "Reggio Emilia"]
[Date "1987.??.??"]
[Round "?"]
[White "Vaganian, Rafael A"]
[Black "Nikolic, Predrag"]
[Result "0-1"]
[WhiteElo "2595"]
[BlackElo "2620"]

1.Nf3 Nf6 2.c4 e6 3.g3 a6 4.Bg2 b5 5.b3 c5 6.Nc3 Qa5 7.Ne5 Ra7 8.cxb5 axb5
9.a4 Bb7 10.O-O Bxg2 11.Kxg2 d6 12.Nf3 Rb7 13.Qc2 bxa4 14.bxa4 Be7 15.Bb2 O-O
16.Nb5 Nbd7 17.d4 Rc8 18.dxc5 Rxc5 19.Qb3 Ne4 20.Qd3 d5 21.Ne5 Nxe5 22.Bxe5 Rc4
23.Rfc1 Rxc1 24.Rxc1 f6 25.Qc2 Rxb5 26.axb5 fxe5 27.Qc7 Qxc7 28.Rxc7 Kf7
29.b6 Nc5 30.b7 Nxb7 31.Rxb7 e4 32.g4 g5 33.e3 Kf6 34.f3 exf3+ 35.Kxf3 h6
36.e4 dxe4+ 37.Kxe4 Bc5 38.h3 Bf2 39.Rb3 Bc5 40.Rf3+ Ke7 41.Ke5 Bg1 42.Rf1 Be3
43.Ke4 Bc5 44.Kd3 Bb6 45.Kc4 Be3 46.Kb5 Bf4 47.Kc6 Kf6 48.Re1 Bg3 49.Kd7 Bxe1  0-1

[Event "Sarajevo"]
[Site "Sarajevo"]
[Date "1987.??.??"]
[Round "?"]
[White "Nikolic, Predrag"]
[Black "Vaganian, Rafael A"]
[Result "1-0"]
[WhiteElo "2600"]
[BlackElo "2590"]

1.d4 Nf6 2.c4 g6 3.Nf3 Bg7 4.g3 c5 5.d5 b5 6.Bg2 d6 7.cxb5 a6 8.bxa6 Bxa6
9.Nc3 Nbd7 10.O-O Nb6 11.Re1 O-O 12.Bf4 Nc4 13.Qc1 Qa5 14.Nd2 Rfb8 15.Nxc4 Bxc4
16.Bd2 Nd7 17.b3 Ba6 18.Na4 Qd8 19.Bc3 Qf8 20.Bh3 f5 21.Bg2 Nf6 22.Bb2 c4
23.Bd4 Ne4 24.Qe3 Bxd4 25.Qxd4 Qf6 26.Qe3 Bb5 27.Bxe4 Bxa4 28.bxa4 fxe4 29.Qxe4 Rxa4
30.Rab1 Rba8 31.Rb7 c3 32.Qe3 Rc4 33.Rxe7 c2 34.Rc1 Rf8 35.Rb7 Kh8 36.f3 Rfc8
37.Kf1 R4c7 38.Rxc7 Rxc7 39.Qf4 Qd8 40.Qd4+ Kg8 41.Qe4 Qb8 42.Qe6+ Rf7 43.Kg2 Qc7
44.Qe4 Re7 45.Qd3  1-0

[Event "Sarajevo"]
[Site "Sarajevo"]
[Date "1987.??.??"]
[Round "?"]
[White "Nikolic, Predrag"]
[Black "Kurajica, Bojan"]
[Result "1/2-1/2"]
[WhiteElo "2600"]
[BlackElo "2495"]

1.d4 Nf6 2.c4 e6 3.Nf3 d5 4.Nc3 dxc4 5.e3 a6 6.a4 c5 7.Bxc4 Nc6 8.O-O cxd4
9.exd4 Be7 10.Re1 O-O 11.Bg5 Nh5 12.Be3 Nf6 13.Ne5 Bd7 14.Nxd7 Qxd7 15.d5 exd5
16.Nxd5 Nxd5 17.Qxd5 Qxd5 18.Bxd5 Bf6 19.Rab1 Rfd8 20.Red1 Rd7 21.Bf3 Rad8
22.Rxd7 Rxd7 23.Kf1 Nd4 24.Bg4 Rc7 25.b3 g6 26.Bd1 h5 27.Rc1 Rd7 28.h3 Kg7
29.g4 hxg4 30.hxg4 Rd5 31.Kg2 a5 32.Rc4 g5 33.b4 axb4 34.Rxb4 b5 35.axb5 Nxb5
36.Bb3 Re5 37.Rc4 Nd6 38.Rc6 Rb5 39.Rxd6 Rxb3  1/2-1/2

[Event "Sarajevo"]
[Site "Sarajevo"]
[Date "1987.??.??"]
[Round "?"]
[White "Nikolic, Predrag"]
[Black "Miles, Anthony J"]
[Result "1/2-1/2"]
[WhiteElo "2600"]
[BlackElo "2565"]

1.d4 Nf6 2.c4 c5 3.d5 e5 4.Nc3 d6 5.e4 Be7 6.g3 O-O 7.Bg2 Ne8 8.Nge2 Nd7
9.O-O a6 10.a4 Rb8 11.Be3 g6 12.Nc1 Ng7 13.Nd3  1/2-1/2

[Event "Sarajevo"]
[Site "Sarajevo"]
[Date "1987.??.??"]
[Round "?"]
[White "Nikolic, Predrag"]
[Black "Polugaevsky, Lev"]
[Result "1/2-1/2"]
[WhiteElo "2600"]
[BlackElo "2585"]

1.d4 Nf6 2.c4 e6 3.Nf3 b6 4.g3 Ba6 5.b3 Bb7 6.Bg2 Bb4+ 7.Bd2 a5 8.O-O O-O
9.a3 Bxd2 10.Qxd2 d5 11.Ne5 Ne4 12.Qb2  1/2-1/2

[Event "Sarajevo"]
[Site "Sarajevo"]
[Date "1987.??.??"]
[Round "?"]
[White "Sokolov, Ivan"]
[Black "Nikolic, Predrag"]
[Result "0-1"]
[WhiteElo "2425"]
[BlackElo "2600"]

1.Nf3 Nf6 2.c4 e6 3.g3 a6 4.Nc3 d5 5.d4 dxc4 6.Bg2 b5 7.a4 b4 8.Nb1 Bb7 9.O-O c5
10.Qc2 Bd5 11.Rd1 Nc6 12.Bg5 b3 13.Qc1 h6 14.Be3 Qb6 15.Na3 Na5 16.Ne5 Qb7
17.f3 Rc8 18.Bf2 cxd4 19.Bxd4 Bc5 20.e4 Bxd4+ 21.Rxd4 Qb8 22.Qf4 O-O 23.exd5 Nxd5
24.Qe4 c3 25.Nd7 cxb2 26.Rf1 Qd6 27.Nxf8 Kxf8 28.Nb1 Rc1 29.Rdd1 Qc5+ 30.Kh1 Nc6
31.Rde1 Ncb4 32.Nd2 Qc3 33.Qe2 Nd3 34.Rd1 Qc2  0-1

[Event "Sarajevo"]
[Site "Sarajevo"]
[Date "1987.??.??"]
[Round "?"]
[White "Seirawan, Yasser"]
[Black "Nikolic, Predrag"]
[Result "0-1"]
[WhiteElo "2595"]
[BlackElo "2600"]

1.Nf3 d5 2.c4 d4 3.b4 c5 4.e3 dxe3 5.fxe3 cxb4 6.d4 g6 7.Bd3 Bg7 8.O-O Nh6
9.Nbd2 O-O 10.Qe2 Bf5 11.Ne4 Nc6 12.Bb2 Qc7 13.h3 e5 14.d5 Bxe4 15.Bxe4 f5
16.dxc6 fxe4 17.cxb7 Qxb7 18.Ng5 Bf6 19.h4 Nf5 20.Rad1 Qc6 21.c5 Qxc5 22.Nxe4 Qxe3+
23.Qxe3 Nxe3 24.Nxf6+ Rxf6 25.Rxf6 Nxd1 26.Bxe5 Re8 27.Bd4 Re2 28.Ra6 Nc3
29.Rxa7 Rxa2 30.Rg7+ Kf8 31.Kh2 Nb5 32.Bf6 Ra7 33.Rxa7 Nxa7 34.Kg3 Kf7 35.Bh8 Nb5
36.Kf4 Nd6 37.Ke5 Nf5 38.h5 b3 39.hxg6+ Kg8  0-1

[Event "OHRA"]
[Site "Amsterdam"]
[Date "1988.??.??"]
[Round "?"]
[White "Hort, Vlastimil"]
[Black "Nikolic, Predrag"]
[Result "1/2-1/2"]
[WhiteElo "2595"]
[BlackElo "2610"]

1.d4 Nf6 2.c4 e6 3.Nc3 Bb4 4.Bg5 h6 5.Bh4 c5 6.d5 Bxc3+ 7.bxc3 d6 8.e3 Qe7
9.Ne2 Nbd7 10.Bg3 exd5 11.cxd5 Ne4 12.c4 O-O 13.Rc1 Ndf6 14.Nc3 Nxc3 15.Rxc3 Ne4
16.Rb3 Bd7 17.Qb1 Bf5 18.Qb2 b6 19.Be2 Rae8 20.a4 Bd7 21.O-O Nxg3 22.hxg3 Rb8
23.Ra1 Rb7 24.Bd3 Rfb8 25.a5 Bc8 26.a6 Rc7 27.e4 Qf6 28.Qxf6 gxf6 29.f3 Re7
30.Kf2 Kg7 31.g4 Bd7 32.Rbb1 Rh8 33.Rh1 Bc8 34.Kg3 Ree8 35.Kf4 Re5 36.Kg3 Ree8
37.Bc2 Bd7 38.Rab1 Re7 39.Kf4 Bc8 40.Ra1 Bd7 41.Kg3 Ree8 42.Ra3 Rb8 43.Rb1  1/2-1/2

[Event "OHRA"]
[Site "Amsterdam"]
[Date "1988.??.??"]
[Round "?"]
[White "Nikolic, Predrag"]
[Black "Hort, Vlastimil"]
[Result "1/2-1/2"]
[WhiteElo "2610"]
[BlackElo "2595"]

1.d4 Nf6 2.c4 e6 3.Nf3 Bb4+ 4.Bd2 c5 5.Bxb4 cxb4 6.g3 b6 7.Bg2 Bb7 8.O-O O-O
9.Nbd2 d6 10.Re1 Qc7 11.Nh4 Bxg2 12.Nxg2 Nc6 13.Nf3 Rfe8 14.Rc1 Qb7 15.d5 exd5
16.cxd5 Ne5 17.Ne3 a5 18.Qd4 Rad8 19.Red1 h5 20.Nxe5 Rxe5 21.Qc4 Qe7 22.Qf4 Qd7
23.Rd4 Rde8 24.Qf3 Ne4 25.Rd3 Nc5 26.Rd4 Ne4 27.Rd3 Nc5 28.Rd4  1/2-1/2

[Event "OHRA"]
[Site "Amsterdam"]
[Date "1988.??.??"]
[Round "?"]
[White "Nikolic, Predrag"]
[Black "Ljubojevic, Ljubomir"]
[Result "1-0"]
[WhiteElo "2610"]
[BlackElo "2590"]

1.d4 Nf6 2.c4 e6 3.Nf3 d5 4.Nc3 Nbd7 5.cxd5 exd5 6.Bg5 Be7 7.e3 O-O 8.Qc2 c6
9.Bd3 Re8 10.O-O Nf8 11.h3 Ng6 12.Bxf6 Bxf6 13.b4 a6 14.a4 Be7 15.b5 axb5
16.axb5 Bd7 17.bxc6 bxc6 18.Na4 Ra5 19.Nd2 Qc7 20.Nb3 Ra7 21.Nac5 Bc8 22.Rxa7 Qxa7
23.Ra1 Qc7 24.Na6 Qb6 25.Nbc5 Bd6 26.Rb1 Qa7 27.Nb4 Qe7 28.Nxc6 Qg5 29.Kh1 Nh4
30.Rg1 Nf5 31.Ne5 f6 32.Nf3 Qh5 33.Re1 Ng3+ 34.fxg3 Bxg3 35.Rf1 Rxe3 36.Ne4 dxe4
37.Qxc8+ Kf7 38.Qb7+  1-0

[Event "OHRA"]
[Site "Amsterdam"]
[Date "1988.??.??"]
[Round "?"]
[White "Nikolic, Predrag"]
[Black "Van der Wiel, John TH"]
[Result "1/2-1/2"]
[WhiteElo "2610"]
[BlackElo "2540"]

1.d4 Nf6 2.c4 e6 3.g3 Bb4+ 4.Bd2 Be7 5.Bg2 d5 6.Nf3 O-O 7.O-O c6 8.Qb3 Ne4
9.Ne5 dxc4 10.Qxc4 Nxd2 11.Nxd2 Nd7 12.Rfd1 Qc7 13.Nd3 Rd8 14.Qc2 Nf6 15.e3 Bd7
16.b4 a5 17.a3 Ne8 18.Rab1 axb4 19.axb4 Ra7 20.Rdc1 Qb8 21.Ra1 Nc7 22.Ra5 Be8
23.Rca1 Rxa5 24.bxa5 Qa7 25.Nc4 Nb5 26.Qb3 Ra8 27.Nb6 Qxb6 28.axb6 Rxa1+
29.Bf1 Ra3 30.Qb2 Ra6 31.Nc5 Rxb6 32.Qa1 Bxc5 33.dxc5 Ra6 34.Qe5 Ra8 35.g4 h6
36.h4 Rd8 37.Bc4 Rd1+ 38.Kh2 Rc1 39.Bd3 Kf8 40.g5 hxg5 41.hxg5 Rd1 42.Be4 Rd7
43.Kg2 Kg8 44.Qb8 Re7 45.Bd3 g6 46.Kg3 e5 47.Bc4 Kf8 48.Qd8 Nc3 49.Kf3 Nd5
50.Qd6 e4+ 51.Kg3 Bd7 52.Qb8+ Be8 53.Be2 Kg7 54.Bg4 Bd7 55.Bxd7 Rxd7 56.Qe5+ f6
57.Qe6 Rf7 58.Qxe4 f5 59.Qd4+ Kg8 60.f3 f4+ 61.exf4 Ne7 62.Qe5 Nf5+ 63.Kf2 Ng7
64.Ke2 Rf5 65.Qd6 Kh7 66.Qe7 Rd5 67.Ke3 Kg8 68.Ke4 Kh8 69.f5 Rxf5 70.Kd4 Rf4+
71.Kc3 Rxf3+ 72.Kb4 Rf1 73.Qe4 Rf5 74.Qe7 Rf1 75.Qe2 Rf7 76.Ka5 Nf5 77.Qe6 Kg7
78.Kb6 Re7 79.Qf6+ Kh7 80.Ka7 Rg7 81.Qc3 Re7 82.Qh3+ Kg8 83.Kb8 Ne3 84.Kc8 Nd5
85.Kd8 Rf7 86.Qe6 Kg7 87.Qe5+ Kg8 88.Qb2 Nf4 89.Ke8 Ne6 90.Qe5 Nc7+ 91.Kd8 Nd5
92.Qe6  1/2-1/2

[Event "OHRA"]
[Site "Amsterdam"]
[Date "1988.??.??"]
[Round "?"]
[White "Kortschnoj, Viktor"]
[Black "Nikolic, Predrag"]
[Result "0-1"]
[WhiteElo "2595"]
[BlackElo "2610"]

1.c4 e5 2.Nc3 Nc6 3.e3 Nf6 4.Nf3 Bb4 5.Qc2 O-O 6.Nd5 Re8 7.a3 Bf8 8.Bd3 g6
9.O-O Bg7 10.Nxf6+ Qxf6 11.Be4 Qe7 12.b4 Nd8 13.Bb2 d6 14.d3 c6 15.Nd2 f5
16.Bf3 Nf7 17.Rac1 Be6 18.Be2 h5 19.Nb3 Rad8 20.Rfd1 h4 21.d4 Bd7 22.dxe5 dxe5
23.Rd2 Be6 24.Rcd1 b6 25.Rxd8 Rxd8 26.Rxd8+ Qxd8 27.Nd2 e4 28.Bxg7 Kxg7 29.Qc3+ Qf6
30.Qxf6+ Kxf6 31.f3 exf3 32.Nxf3 g5 33.Kf2 c5 34.bxc5 bxc5 35.g3 h3 36.Nd2 Ke5
37.Bf1 g4 38.Bd3 Ng5 39.Ke2 Bd7 40.Bc2 Bc6 41.Kf2 Be4 42.Ba4 Bd3 43.Be8 Kd6
44.Ke1 Ke7 45.Bg6 Kf6 46.Be8 Ke5 47.Kf2 Ne6 48.Bb5 Nd8 49.Nb3 Nb7 50.a4 Nd6
51.Nxc5 Bxc4 52.Bc6 Nf7 53.Bb7 Kd6 54.Na6 Ne5 55.Nb4 a5 56.Nc2 Nd3+ 57.Kg1 Nc5
58.Bc8 Be6 59.Bxe6 Nxe6 60.e4 fxe4 61.Kf2 Ke5  0-1

[Event "OHRA"]
[Site "Amsterdam"]
[Date "1988.??.??"]
[Round "?"]
[White "Ljubojevic, Ljubomir"]
[Black "Nikolic, Predrag"]
[Result "1-0"]
[WhiteElo "2590"]
[BlackElo "2610"]

1.e4 e5 2.Nf3 Nc6 3.Bb5 a6 4.Ba4 Nf6 5.O-O Be7 6.Re1 b5 7.Bb3 O-O 8.c3 d5
9.exd5 Nxd5 10.Nxe5 Nxe5 11.Rxe5 c6 12.d4 Bd6 13.Re1 Qh4 14.g3 Qh3 15.Be3 Bg4
16.Qd3 Rae8 17.Nd2 Re6 18.Bd1 Bf5 19.Qf1 Rfe8 20.Qxh3 Bxh3 21.Bb3 R6e7 22.Nf1 Kf8
23.Bd2 Re2 24.Rad1 Bg4 25.Kg2 Rxe1 26.Rxe1 h5 27.Rxe8+ Kxe8 28.Bc2 a5 29.b3 Be6
30.Ne3 g6 31.Bd3 Bc7 32.c4 bxc4 33.bxc4 Nf6 34.Bc3 Ke7 35.h3 Bd8 36.f4 Bc8
37.f5 g5 38.g4 hxg4 39.hxg4 Ba6 40.Bc2 Bb6 41.Kf3 Bb7 42.c5 Bc7 43.Nc4  1-0

[Event "OHRA"]
[Site "Amsterdam"]
[Date "1988.??.??"]
[Round "?"]
[White "Van der Wiel, John TH"]
[Black "Nikolic, Predrag"]
[Result "1/2-1/2"]
[WhiteElo "2540"]
[BlackElo "2610"]

1.e4 e6 2.d4 d5 3.Nd2 f5 4.exf5 exf5 5.Bd3 Nf6 6.Ne2 Bd6 7.c4 O-O 8.c5 Be7
9.b4 b6 10.Qc2 Nc6 11.a3 bxc5 12.bxc5  1/2-1/2